Subjetividad y Cultura N° 1 · junio 1991 /

Subjetividad y Cultura, revista mexicana de psicología, cuyo título busca expresar la relación sujeto-sociedad como centro de la praxis profesional del campo y eje de los problemas disciplinarios específicos. El número 1 (junio de 1991) está formado por las siguientes secciones y colaboraciones: I)...

Fuld beskrivelse

Guardado en:
Bibliografiske detaljer
Andre forfattere: González Fernández, José Luis (dirección) (dirección), Guinsberg, Enrique (dirección) (dirección)
Format: Bog
Sprog:spansk
Udgivet: México : Plaza y Janés, 1991
Serier:(Subjetividad y Cultura ; 1)
Fag:
Tags: Tilføj Tag
Ingen Tags, Vær først til at tagge denne postø!

MARC

LEADER 00000nam^a2200000^a^4500
001 000630259
005 20260410000000.0
009 20260410195519.074
037 |a Acervo ITESO - Biblioteca 
041 |a ESP 
082 |a 150. 5  |b SUB V. 1 
240 1 0 |a [Subjetividad y Cultura] 
245 0 0 |a Subjetividad y Cultura N° 1 · junio 1991 /  |c Dir. de J.L. González Fernández, E. Guinsberg. 
264 1 |a México :  |b Plaza y Janés,  |c 1991 
300 |a 127 p. 
336 |a texto  |b txt  |2 rdacontenido 
337 |a sin mediación  |b n  |2 rdamedio 
338 |a volumen  |b nc  |2 rdasoporte 
440 1 |a (Subjetividad y Cultura ;  |v 1) 
520 |a Subjetividad y Cultura, revista mexicana de psicología, cuyo título busca expresar la relación sujeto-sociedad como centro de la praxis profesional del campo y eje de los problemas disciplinarios específicos. El número 1 (junio de 1991) está formado por las siguientes secciones y colaboraciones: I) Presentación. II) Textos: 1) La relación hombre-cultura, eje del psicoanálisis, por Enrique Guinsberg, codirector de la publicación; 2) Industrialización, proceso de trabajo y salud mental, por Miguel Matrajt Karsemboin; 3) El borrador del XII (Panorama de la neurosis de transferencia), por Sigmund Freud, con presentación de José Luis González Fernández, codirector de la revista; 4) Nuevos paradigmas en la psicoterapia familiar para esquizofrénicos, por Carlos Rodríguez Ajenjo y Mario Campuzano Montoya, y Tratamiento grupal y ambulatorio de psicóticos, por el mismo Campuzano, y 5) Algunas entidades clínicas a partir del narcisismo, por María Eugenia Ruiz Velasco, Guadalupe Ordiales y Elena Azaola. 
520 |a III) Bibliográficas: 6) "Psicoanálisis y salud mental: para una crítica de la razón psiquiátrica", de Emiliano Galende, por M. Campuzano Montoya, 7) "Normalidad, conflicto psíquico, control social", de Enrique Guinsberg, por Guillermo Delahanty Matuk; 8) "El psicoanálisis revisitado", de Gérard Mendel, por E. Guinsberg; 8) "Hilando palabras, zurciendo cuerpos", de Patricia Sánchez Bringas, por M.E. Ruiz Velasco; 9) Terrorismo de Estado: efectos psicológicos en los niños, del Movimiento Solidario de Salud Mental (MSSM, Argentina), por E. Guinsberg; 10) Libro polémico: "Lacan, del equívoco al callejón sin salida", de François Roustang, y 11) Revistero. IV) Noticias y comentarios: 12) El congreso del poder, por M.E. Ruiz Velasco; 13) Salud mental y derechos humanos; 14) Sorpresa, continuidad y superación en La Habana: ¿y ahora, qué?, por E. Guinsberg; 15) Declaración final del encuentro de La Habana; 16) ¿Quién fue Juanito (o "El pequeño Hans"), por G. Delahanty Matuk; 17) I Congreso Mundial de Salud Mental Ocupacional, por M. Matrajt Karsemboin; 18) Reunión de expertos: medio ambiente y salud, por M. Matrajt Karsemboin; 19) Un nuevo invitado llega a la casa: El petit cochon, por María Maldonado Liobet; 20) Ignacio Martín-Baró, S.J.; 21) Piera Aulagnier y 22) El Rábano por las hojas (o De la la dificultad para escribir). V) Sin solemnidad: 23) Manual de instrucciones para fracasar en una entrevista, por Sergio Slipczuk y Susana Aragonés, y VI) Humor, por A. Rocha. 
567 |a Catalogación rápida 
649 |a XX 
650 |a Subjetividad (Psicología) -  |x Aspectos Sociales y Culturales -  |x Publicaciones Periódicas 
650 |a Psicología -  |x Publicaciones Periódicas -  |x Tema Principal 
650 |a Publicaciones Periódicas Mexicanas 
650 |a Publicaciones Periódicas 
700 |a González Fernández, José Luis  |e (dirección) 
700 |a Guinsberg, Enrique  |e (dirección) 
910 |a Fondo Castillo-Martínez 
920 |a Impresos - Libros 
930 |a Fondos Especiales 
940 |a Jesuitas 
905 |a 127 
901 |a 630259-10  |b IT2  |c ESP  |i D128951  |u 20260410 
902 |a https://opac.biblio.iteso.mx/vufind/Record/000630259